| 000 | 00854cam a22002295a 4500 | ||
|---|---|---|---|
| 001 | 17803406 | ||
| 005 | 20170102142837.0 | ||
| 008 | 130708s2015 enka fr 001 0 eng d | ||
| 020 | _a9781118555163 | ||
| 040 |
_aDLC _beng _cDLC _dDLC _dEG-ScBUE |
||
| 082 | 0 | 4 |
_222 _a690.068 _bCOO |
| 100 | 1 |
_aCooke, B. _q(Brian) |
|
| 245 | 1 | 0 |
_aManagement of construction projects / _cBrian Cooke. |
| 260 |
_aChichester : _bWiley-Blackwell, _c2015. |
||
| 300 |
_aviii, 294 p. : _bill. ; _c25 cm. |
||
| 500 | _aIncludes index. | ||
| 650 | 7 |
_aBuilding _xSuperintendence. _2BUEsh _99209 |
|
| 650 | 0 |
_aBuilding _vCase studies. _2BUEsh |
|
| 653 |
_bBUSADM _cJanuary2017 |
||
| 776 | 0 | 8 |
_iOnline version: _aCooke, B. (Brian) _tManagement of construction projects _dChichester, West Sussex, United Kingdom : John Wiley & Sons Inc., 2013 _z9781118555149 _w(DLC) 2013027663 |
| 942 | _2ddc | ||
| 999 |
_c23792 _d23764 |
||